000 01469cam a22003251i 4500
003 SA-RiAUC
005 20250215073251.0
008 250208s2012 su g 000 0 ara c
020 _a9786035093552
040 _aSA-JeALM
_bara
_cSA-RiAUC
_erda
082 0 4 _a398.209531
_qSA-RiAUC
090 _a398.209531
_bص ي ر
100 1 _aالصيرفي، عزيزة عبد الله محمد
_eمؤلف.
245 1 0 _aلفيت السبع اللفات :
_bأدور حكم وألغاز وحكايات /
_cعزيزة عبد الله محمد الصيرفي.
250 _aالطبعة الأولى.
264 1 _aالمدينة المنورة :
_bشركة المدينة المنورة للطباعة والنشر،
_c2012
300 _a208 صفحة ؛
_c24 × 17 سم.
336 _aنص
_btxt
_2rdacontent
_3كتاب
337 _aبدون وسيط
_bn
_2rdamedia
338 _aمجلد
_bnc
_2rdacarrier
490 0 _aسلسلة الكتب الحجازية
500 _aاهداء من المؤلف عزيزة عبد الله محمد الصيرفي.
650 7 _aالقصص العربية الشعبية
_zالسعودية
_2aucsh
650 7 _aالأمثال العامية العربية
_zالسعودية
_2aucsh
650 7 _aالحكم والمأثورات
_zالسعودية
_2aucsh
650 7 _aالألغاز
_zالسعودية
_2aucsh
653 _aالعلوم الإجتماعية
942 _2ddc
_cBOOK
_n0
949 _aSA-JeALM
_d250208
_umohamedma123
_n1
999 _c5949
_d5949